|
|
|
|
| LEADER |
03283nam a2200769 4500 |
| 001 |
ocn709606331 |
| 003 |
OCoLC |
| 005 |
20170124070542.1 |
| 006 |
m o d |
| 007 |
cr cnu---unuuu |
| 008 |
110328s2010 tnu ob 001 0 eng d |
| 040 |
|
|
|a N$T
|b eng
|e pn
|c N$T
|d CDX
|d YDXCP
|d E7B
|d TUU
|d OCLCQ
|d NUF
|d OCLCF
|d P@U
|d PUBRW
|d OCLCQ
|d OCLCO
|d DG1
|d UIU
|d CUS
|d IDEBK
|d EBLCP
|d DEBSZ
|d OCLCQ
|d GrThAP
|
| 019 |
|
|
|a 759036457
|a 761319809
|a 791306829
|a 816831490
|a 964294390
|
| 020 |
|
|
|a 9780826517135
|q (electronic bk.)
|
| 020 |
|
|
|a 0826517137
|q (electronic bk.)
|
| 020 |
|
|
|a 9781118093375
|q (electronic bk.)
|
| 020 |
|
|
|a 1118093372
|q (electronic bk.)
|
| 020 |
|
|
|a 1283053713
|
| 020 |
|
|
|a 9781283053716
|
| 020 |
|
|
|z 9780826517111
|
| 020 |
|
|
|z 0826517110
|
| 020 |
|
|
|z 9780826517128
|
| 020 |
|
|
|z 0826517129
|
| 020 |
|
|
|z 0470497041
|
| 024 |
8 |
|
|a 9786613270061
|
| 029 |
1 |
|
|a AU@
|b 000049641617
|
| 029 |
1 |
|
|a AU@
|b 000051379219
|
| 029 |
1 |
|
|a DEBBG
|b BV043077144
|
| 029 |
1 |
|
|a DEBBG
|b BV043392925
|
| 029 |
1 |
|
|a DEBSZ
|b 421620943
|
| 029 |
1 |
|
|a DEBSZ
|b 449591484
|
| 029 |
1 |
|
|a NZ1
|b 14250998
|
| 029 |
1 |
|
|a NZ1
|b 15922030
|
| 029 |
1 |
|
|a SE4M6
|b 120059231
|
| 035 |
|
|
|a (OCoLC)709606331
|z (OCoLC)759036457
|z (OCoLC)761319809
|z (OCoLC)791306829
|z (OCoLC)816831490
|z (OCoLC)964294390
|
| 037 |
|
|
|a 10.1002/9781118093375
|b Wiley InterScience
|n http://www3.interscience.wiley.com
|
| 043 |
|
|
|a n-us---
|
| 050 |
|
4 |
|a HV9104
|b .N873 2010eb
|
| 072 |
|
7 |
|a SOC
|x 004000
|2 bisacsh
|
| 082 |
0 |
4 |
|a 364.360973
|2 22
|
| 049 |
|
|
|a MAIN
|
| 100 |
1 |
|
|a Nurse, Anne,
|d 1968-
|
| 245 |
1 |
0 |
|a Locked up, locked out :
|b young men in the juvenile justice system /
|c Anne M. Nurse.
|
| 250 |
|
|
|a 1st ed.
|
| 264 |
|
1 |
|a Nashville, Tenn. :
|b Vanderbilt University Press,
|c 2010.
|
| 300 |
|
|
|a 1 online resource (208 pages)
|
| 336 |
|
|
|a text
|b txt
|2 rdacontent
|
| 337 |
|
|
|a computer
|b c
|2 rdamedia
|
| 338 |
|
|
|a online resource
|b cr
|2 rdacarrier
|
| 504 |
|
|
|a Includes bibliographical references (pages 181-196) and index.
|
| 505 |
0 |
|
|a An introduction to the juvenile justice system -- Incarcerated youth and their worlds -- Institutional order -- Youth culture on the inside -- Contact with the outside -- Coming home -- Policy directions.
|
| 588 |
0 |
|
|a Print version record.
|
| 520 |
|
|
|a "You disrespect somebody and he disrespects you. It's all about respect when you're locked up."
|
| 650 |
|
0 |
|a Juvenile justice, Administration of
|z United States.
|
| 650 |
|
0 |
|a Juvenile detention homes
|z United States.
|
| 650 |
|
0 |
|a Juvenile delinquents
|z United States.
|
| 650 |
|
0 |
|a Young men
|z United States.
|
| 650 |
|
7 |
|a SOCIAL SCIENCE
|x Criminology.
|2 bisacsh
|
| 650 |
|
7 |
|a Juvenile delinquents.
|2 fast
|0 (OCoLC)fst00985367
|
| 650 |
|
7 |
|a Juvenile detention homes.
|2 fast
|0 (OCoLC)fst00985445
|
| 650 |
|
7 |
|a Juvenile justice, Administration of.
|2 fast
|0 (OCoLC)fst00985472
|
| 650 |
|
7 |
|a Young men.
|2 fast
|0 (OCoLC)fst01183263
|
| 651 |
|
7 |
|a United States.
|2 fast
|0 (OCoLC)fst01204155
|
| 655 |
|
4 |
|a Electronic books.
|
| 776 |
0 |
8 |
|i Print version:
|a Nurse, Anne, 1968-
|t Locked up, locked out.
|b 1st ed.
|d Nashville, Tenn. : Vanderbilt University Press, 2010
|z 9780826517111
|w (DLC) 2009045466
|w (OCoLC)462928550
|
| 856 |
4 |
0 |
|u https://doi.org/10.1002/9781118093375
|z Full Text via HEAL-Link
|
| 994 |
|
|
|a 92
|b DG1
|